Batman Villains Multiple Choice - Sudden Death - Statistics

General Stats
  • This quiz has been taken 886 times
  • The average score is 13 of 14
Answers on the Grid
Answers color-coded by a green-red scale on the quiz's grid according to % correct below.
The Jester
The Humorist
The Joker
The Riddler
The Quizzler
The Puzzler
Strawman
Scarecrow
Tatterdemalion
Mr. Cool
Mr. Chilly
Mr. Freeze
Poison Oak
Poison Sumac
Poison Ivy
One-Eye
Two-Face
Three-Hands
Feline-girl
Meowmadam
Catwoman
Puffin
Penguin
Pelican
Bane
Burden
Scourge
Manny Quinn
Mary O'Nette
Harley Quinn
Killshot
Deadshot
Rimshot
Killer Croc
Ghastly Gator
Nasty Newt
Beige Witch
Ms. Wizard
Enchantress
R'as al Ghul
Jazz el Hont
S'oz d'Orc
 
Answer Stats
Answer % Correct
The Joker
99%
The Riddler
95%
Catwoman
93%
Harley Quinn
93%
Penguin
93%
Poison Ivy
93%
Bane
92%
Mr. Freeze
92%
Scarecrow
91%
Two-Face
91%
Killer Croc
83%
R'as al Ghul
83%
Deadshot
81%
Enchantress
74%
No matching quizzes found
Score Distribution
Percent of People with Each Score
Percentile by Number Answered
Your Score History
You have not taken this quiz